|
|
|
|
| LEADER |
00000nas a2200000 a 4500 |
| 001 |
ssj0012376 |
| 003 |
WaSeSS |
| 005 |
20200512172242.0 |
| 006 |
m d |
| 007 |
cr n |
| 008 |
050614c19639999iluuu p s 0 a0eng c |
| 010 |
|
|
|a 2006264647
|
| 015 |
|
|
|a GBB522849
|2 bnb
|
| 016 |
7 |
|
|a 0171671
|2 DNLM
|
| 016 |
7 |
|
|a I17340000
|2 DNLM
|
| 016 |
7 |
|
|a 0171671
|2 dnlm
|
| 016 |
7 |
|
|a 017028039
|2 Uk
|
| 016 |
7 |
|
|a I17340000
|2 dnlm
|
| 022 |
|
|
|a 1945-7243
|l 0046-9580
|y 0046-9580
|
| 035 |
|
|
|a (WaSeSS)ssj0012376
|
| 037 |
|
|
|b Inquiry, P.O. Box 527, Glenview, IL 60025
|
| 040 |
|
|
|a OCLCS
|b eng
|e pn
|c OCLCS
|d MXC
|d SBH
|d AMH
|d IDL
|d NSD
|d OCLCA
|d DLC
|d OCLCQ
|d EYM
|d TOH
|d GAO
|d HUL
|d OCLCE
|d OCLCQ
|d OCLCF
|d VT2
|d CUS
|d OCLCQ
|d WY@
|d NLE
|d BUF
|d OCLCO
|d U3W
|d TSC
|d OCLCO
|d MOW
|d AU@
|d OCLCO
|d WYU
|d OCLCO
|d UKMGB
|d AUD
|d OCLCA
|d DLC
|d OCLCO
|d CNTRU
|d SFB
|d WaSeSS
|
| 042 |
|
|
|a pcc
|a nsdp
|
| 043 |
|
|
|a n-us---
|
| 050 |
0 |
0 |
|a RA410.A1
|
| 060 |
0 |
0 |
|a W1
|b IN456K
|
| 082 |
1 |
0 |
|a 338
|2 14
|
| 130 |
0 |
|
|a Inquiry (Chicago, Ill. : Online)
|
| 222 |
|
0 |
|a Inquiry
|b (Chicago, Ill. Online)
|
| 245 |
1 |
0 |
|a Inquiry
|h [electronic resource].
|
| 260 |
|
|
|a Chicago, Ill. :
|b Blue Cross Association
|
| 310 |
|
|
|a Unknown
|
| 362 |
1 |
|
|a Print began with Vol. 1 (1963).
|
| 506 |
|
|
|a License restrictions may limit access.
|
| 538 |
|
|
|a Mode of access: World Wide Web.
|
| 550 |
|
|
|a Issued: [Rochester, N.Y.] : Blue Cross and Blue Shield of the Rochester Area, -spring 2002; Glenview, Ill. : Excellus Health Plan, Inc., summer 2002-
|
| 588 |
|
|
|a Description based on: Vol. 6, issue 1 (Mar. 1969) (JSTOR, viewed Aug. 12, 2011).
|
| 588 |
|
|
|a Latest issue consulted: Vol. 55 (Jan./Dec. 2018) (Sage, viewed Dec. 12, 2018).
|
| 650 |
|
0 |
|a Medical care, Cost of
|v Periodicals.
|
| 650 |
|
0 |
|a Hospitalization insurance
|v Periodicals.
|
| 650 |
|
6 |
|a Santé publique
|v Périodiques.
|
| 650 |
|
7 |
|a Hospitalization insurance.
|2 fast
|0 (OCoLC)fst01715851
|
| 650 |
|
7 |
|a Medical care, Cost of.
|2 fast
|0 (OCoLC)fst01013902
|
| 650 |
|
2 |
|a Delivery of Health Care
|v Periodicals.
|
| 650 |
|
2 |
|a Health Services Research
|v Periodicals.
|
| 650 |
|
2 |
|a Health insurance
|v Periodicals.
|
| 650 |
|
2 |
|a Insurance, Hospitalization
|v Periodicals.
|
| 655 |
|
0 |
|a Electronic journals.
|
| 710 |
2 |
|
|a Blue Cross Association.
|
| 710 |
2 |
|
|a Blue Cross and Blue Shield of the Rochester Area.
|
| 710 |
2 |
|
|a Excellus Health Plan, Inc.
|
| 776 |
0 |
8 |
|i Print version:
|t Inquiry (Chicago, Ill.)
|x 0046-9580
|w (DLC)sf 82008019
|w (OCoLC)2057017
|
| 850 |
|
|
|a DLC
|
| 856 |
4 |
0 |
|z Full text available from Research Library: 10/01/1997 to present
|u https://search.proquest.com/publication/26910
|